Qua chức năng liên kết của từ Và, nghĩ về vai trò và hiệu quả dụng học của liên từ tiếng Việt /

保存先:
書誌詳細
第一著者: Dương Hữu Biên
フォーマット: 論文
言語:Vietnamese
主題:
タグ: タグ追加
タグなし, このレコードへの初めてのタグを付けませんか!
Thư viện lưu trữ: Thư viện Trường Đại học Đà Lạt
LEADER 00834nam a2200265 4500
001 DLU080063878
005 ##20080822
040 # # |a DLU  |b vie 
041 # # |a vie 
044 # # |a vn 
100 # # |a Dương Hữu Biên 
245 # # |a Qua chức năng liên kết của từ Và, nghĩ về vai trò và hiệu quả dụng học của liên từ tiếng Việt /  |c Dương Hữu Biên. 
653 # # |a Liên từ  
653 # # |a Ngôn ngữ  
653 # # |a Tiếng Việt 
773 # # |t Đại học Đà Lạt - Thông báo Khoa học  |g 1999, tr. 17 - 28. 
920 # # |a Phòng Tạp chí -- Trung tâm Thông tin - Thư viện Trường Đại học Đà Lạt 
994 # # |a DLU 
900 # # |a True 
911 # # |a Lê Thị Mạnh Xuân 
925 # # |a G 
926 # # |a A 
927 # # |a BB 
980 # # |a Thư viện Trường Đại học Đà Lạt